Normal view
MARC view
- Ulrich, David,
Entry Personal Name
001 - CONTROL NUMBER
- control field: 56015
003 - CONTROL NUMBER IDENTIFIER
- control field: NUST
005 - DATE AND TIME OF LATEST TRANSACTION
- control field: 20210628201619.0
008 - FIXED-LENGTH DATA ELEMENTS
- fixed length control field: 210628|| aca||aabn | a|a d
040 ## - CATALOGING SOURCE
- Original cataloging agency: NUST
- Transcribing agency: NUST
100 ## - HEADING--PERSONAL NAME
- Personal name: Ulrich, David,
- Dates associated with a name: 1953-
670 ## - SOURCE DATA FOUND
- Source citation: Work cat.: (NUST): David Ulrich, Michael R. Losey, & Gerry Lake, Tomorrow's HR management :48 thought leaders call for change by David Ulrich, Michael R. Losey, & Gerry Lake, c1997.
